000 01232nam a22003017a 4500
999 _c65470
_d65470
005 20240530110826.0
008 190806s2019 ua ah f b 000 0 ara d
017 _a2018/17401
_bمصر. دار الكتب
020 _a9789773508272
040 _aEG-CaGPL
_cEG-CaGPL
082 0 4 _221
_a631.81/
_bأ م
100 0 _aازوريس محمد محمد على
245 1 2 _aالمغذيات النباتية والتسميد :
_bالمغذيات المعدنية - التسميد العضوى /
_cتاليف ازوريس محمد محمد على، نهى عادل محجوب
250 _aط.1
260 _aالقاهرة :
_bدار الكتاب الحديث،
_c2019.
300 _a176 ص. :
_bايض ؛
_c24 سم.
504 _aيشتمل على ارجاعات ببليوجرافية
650 0 7 _2qrmak
_aالتسميد
650 0 7 _2qrmak
_aالسباخ البلدى
650 0 7 _2qrmak
_aالكيمياء الزراعية
650 0 7 _2qrmak
_aالتمرد والعصيان
651 _2qrmak
653 0 _aالتسميد العضوى
653 0 _aالمغذيات المعدنية
700 0 _aنهى عادل محجوب
_eمؤلف مشارك
942 _2ddc
_cBK